000 00437nam a2200181Ia 4500
001 16718
005 20260306170331.0
008 260306t2007||||xx |||||||||||||| ||und||
041 _aESP
082 _a349.7
_bM26
100 _aMartín de Agar, José T.
_eAUT
245 0 _aIntroducción al derecho canónico
260 _c2007
300 _a207 páginas :
_c24 cm.
650 _aGEN
654 _aCDE
942 _cLIB
_dJUS
_fJUS
_2ddc
_n
999 _c16718
_d16718